000
00270nam a22001217a 4500
008
181024b xxu||||| |||| 00| 0 eng d
041
_a
eng
080
_a
616.12
100
_a
7
101
_a
KAR
245
_a
Rapid Interpretation Of Ekg
_c
Dubin.D
942
_2
udc
_c
BK
999
_c
50838
_d
50838